Básnik Zemplína k osemdesiatinám Mikuláša Kasardu

Bibliographic Details
Main Author: Chilová, Kamila (Author)
Format: Article
Language:Slovak
PhysicalDescription:Fotogr.
ISSN:0231-7303
Subjects:

MARC

LEADER 00000nab a2200000 ar4500
001 vtls008692175
003 SK-MaSNL
005 20260303073803.0
008 060420c2005 xo er|p|||||||000 b|slo
015 |a SNBRB2006/04  |2 snkbucl 
038 |a SNKBUCL 
040 |a SNKBUCL  |b slo  |c SNKBUCL  |e AACR2 
041 0 |a slo 
044 |a xo  |c SK 
080 |a 82:929:821.162.4  |2 UDC-MRF-SK2 
080 |a 821.162.4  |2 UDC-MRF-SK2 
100 1 |a Chilová, Kamila  |4 aut  |9 5007 
245 1 0 |a Básnik Zemplína  |b k osemdesiatinám Mikuláša Kasardu  |c Kamila Chilová 
300 |b Fotogr. 
600 1 7 |a Kasarda, Mikuláš,  |d 1925-2013  |2 snkbucl  |9 98932 
773 0 |t Slovensko  |g Roč. XXVII, č. 3-4 (2005), s. 36  |x 0231-7303 
852 |a SNK  |b KIS3GCP 
958 |a BX 
958 |a LX 
999 |c 1769158  |d 1771088